Statistics for Clubs that have won the European Cup & Champions League

Click here to take the quiz!

General Stats

  • This quiz has been taken 3,095 times
  • The average score is 17 of 22

Answer Stats

HintAnswer% Correct
9Real Madrid
99%
4Barcelona
96%
7AC Milan
95%
5Liverpool
95%
3Inter Milan
92%
3Manchester United
91%
1Chelsea
89%
5Bayern Munich
88%
4Ajax
87%
2Juventus
87%
2Porto
83%
1Borussia Dortmund
80%
2Benfica
77%
1PSV Eindhoven
70%
1Marseille
68%
1Celtic
67%
2Nottingham Forest
66%
1Aston Villa
62%
1Red Star Belgrade
61%
1Feyenoord
56%
1Hamburger SV
55%
1Steaua București
33%

Score Distribution

Percentile by Number Answered

Percent of People with Each Score

Your Score History

You have not taken this quiz